Vico y Herder: dos estudios en las historia de las ideas
Збережено в:
| Автор: | |
|---|---|
| Формат: | Книга |
| Мова: | Іспанська |
| Опубліковано: |
Madrid
Cátedra
2000
|
| Редагування: | 1a. ed |
| Серія: | Colección Teorema
Serie Mayor |
| Предмети: | |
| Теги: |
Додати тег
Немає тегів, Будьте першим, хто поставить тег для цього запису!
|
MARC
| LEADER | 00000cam a2200000 a 4500 | ||
|---|---|---|---|
| 001 | UCE8957 | ||
| 003 | CL-VaPUC | ||
| 008 | 150911e20000000sp |||||||||||||||||spa|d | ||
| 020 | |a 978843761838X | ||
| 082 | 0 | 4 | |a 195 |b BER |2 21 |
| 100 | |a Berlin, Isaiah |e author |9 581668 | ||
| 245 | 1 | 0 | |a Vico y Herder: dos estudios en las historia de las ideas |
| 250 | |a 1a. ed | ||
| 300 | |a 271 p | ||
| 942 | |c BK | ||
| 945 | |d 20150911 12:29:00 |a gsalatino | ||
| 260 | |a Madrid |b Cátedra |c 2000 | ||
| 650 | 0 | |a Filosofía |9 223554 | |
| 650 | 0 | |a Crítica e interpretación |9 255042 | |
| 583 | |a last modification |c 20150911 12:29:00 |k Rodrigo Vera | ||
| 490 | 0 | |a Colección Teorema | |
| 490 | 0 | |a Serie Mayor | |
| 999 | |c 360714 |d 360712 | ||
| 952 | |0 0 |1 0 |3 erb |4 0 |6 195_000000000000000_BER_2000 |7 0 |8 A |9 470634 |a BIBEDU |b BIBEDU |i 5197341 |o 195 BER 2000 |p 5197341 |r 2019-11-23 |w 2019-11-23 |y BK |z Catalogado en:20150911 |k FIL | ||